U.S. States with Shortest Maximum Distances to the Ocean - Statistics

General Stats
  • This quiz has been taken 20,585 times
    19,238 since last reset
  • The average score is 8 of 10
Answer Stats
miles state km % Correct
25 Rhode Island 40
91%
75 Florida 120
90%
115 Maine 185
90%
22 Delaware 35
84%
59 Connecticut 95
82%
165 Maryland 265
81%
103 Massachusetts 165
81%
56 New Jersey 90
81%
28 Hawaii 45
77%
115 New Hampshire 185
74%
No matching quizzes found
Score Distribution
Percent of People with Each Score
Percentile by Number Answered
Your Score History
You have not taken this quiz since the last reset